|
|
|
|
| LEADER |
00000nab a2200000uu 4500 |
| 001 |
vtls010874748 |
| 003 |
SK-MaSNL |
| 005 |
20260303162910.0 |
| 008 |
230303|1962 xo |||||||||||||||||slo| |
| 015 |
|
|
|a SNBRB
|
| 035 |
|
|
|a (urnnbn)urn:nbn:sk:snk:ar-005xy6
|
| 035 |
|
|
|a (uuid)34111f6f-914c-48b3-bee2-bfcf96aca07e
|
| 035 |
|
|
|a urn:nbn:sk:snk-ab7oqz
|
| 040 |
|
|
|a SNKBUCL
|b slo
|c SNKBUCL
|e AACR2
|
| 041 |
0 |
|
|a slo
|
| 044 |
|
|
|a xo
|c SK
|
| 100 |
1 |
|
|a Rosík, J.
|4 aut
|9 1137099
|
| 245 |
1 |
0 |
|a REAKCIA PEKTÍNU SO ŽELATÍNOU (II) :
|b ZLOŽENIE KOMPLEXOV PEKTÍNU A ŽELATÍNY
|c J. Rosík, V. Zitko
|
| 700 |
1 |
|
|a Zitko, Vladimír
|4 aut
|9 80155
|
| 773 |
0 |
|
|t Chemické zvesti
|g Roč. 16, č. 6 (1962), s. 474-481
|
| 958 |
|
|
|a OND
|
| 958 |
|
|
|a EUIPO
|
| 958 |
|
|
|a article8
|
| 999 |
|
|
|c 2057621
|d 2059551
|